000 00950nam a2200313Ia 4500
001 Z_2648
003 CHAP
008 220113s9999 xx 000 0 und d
010 _a165708
020 _a968-426-720-7
040 _cCHAP
082 _a612 G35 1996
100 _aGanong, William F.
_945561
245 _aFisiología médica /
_cWilliam F. Ganong; traducción y revisión técnica Eduardo Cazacuberta Zaffaroni
250 _a15a ed.
260 _aMéxico :
_bEl Manual Moderno,
_c
300 _ax, 774 p.
500 _aTítulo original de la obra : Review of medical phisiology 17th ed. De 1995
503 _aej.1: 194056 \ ej.2: REPOSICIÓN \ ej.3: 194057
504 _aIncluye bibliografía e índice
650 _aFisiología humana
_9137527
700 _aCazacuberta Zaffaroni, Eduardo, tr. rev.
_9139659
901 _a612 G35 1996
902 _aM
910 _a
942 _c1
942 _cc1
999 _c165708
_d165708